แสดงรายละเอียดบรรณานุกรม
  กลับหน้าหลัก

Brief Record : Get Marc (ISO 2709) : E-mail record : QR code ปิดหน้าต่าง
สารบัญ Review โดย
ใช้งานได้ทุกระบบ
ห้องสมุด วพบ.ขอนแก่น
ใช้งานได้ทุกระบบ เมื่อ28/มกราคม/2558
  • บทที่ 1 บทนำ
  • บทที่ 2 ส่วนประกอบของร่างกาย
  • บทที่ 3 น้ำและอิเล็กโทรไลต์ในร่างกาย
  • บทที่ 4 พฤติกรรมการกินอาหาร
  • บทที่ 5 อาหารและสารอาหาร
  • บทที่ 6 ความต้องการพลังงานของร่างกาย
  • บทที่ 7 กระบวนการยอยและการดูดซึมอาหาร
  • บทที่ 8 คาร์โบไฮเดรต
  • บทที่ 9 ลิพิด
  • บทที่ 10 ปรตีน
  • บทที่ 11 การประเมินคุณภาพของโปรตีน
  • บทที่ 12 แร่ธาตุ
  • บทที่ 13 วิตามินที่ละลายในไขมัน
  • บทที่ 14 วิตามินที่ละลายในน้ำ
  • บทที่ 15 โภชนาการของบุคคลปกติในภาวะพิเศษ
  • บทที่ 16 การประเมินภาวะโภชนาการ

E-books : เกี่ยวกับ Collections
LEADER 00000nam 2200000uu 4500
001    209625
003     ULIBM
008    140410s2556||||th 000 0 tha d
020    ^a9786165381147
041 0  ^atha^beng
060  4 ^aQU145 น614 2556
100 0  ^aนิธิยา รัตนาปนนท์
245 10 ^aหลักโภชนศาสตร์/^bนิธิยา รัตนาปนนท์,วิบูลย์ รัตนาปนนท์.
250    ^aพิมพ์ครั้งที่ 2
260    ^aกรุงเทพฯ : ^bโอเดียนสโตร์,^c2556.
300    ^a496 หน้า ;^bภาพประกอบ.
650  4 ^aโภชนาการ
650  4 ^aร่างกาย
650  4 ^aน้ำและอิเล็กโทรไลต์
650  4 ^aสารอาหาร
650  4 ^aอาหาร
650  4 ^aพลังงาน
650  4 ^aโปรตีน
650  4 ^aการย่อยอาหาร
650  4 ^aการสำรวจภาวะโภชนาการ
700 0  ^aวิบูลย์ รัตนาปนนท์
999    ^aใช้งานได้ทุกระบบ
รายการนี้ยังไม่มีแท็ก
คุณยังไม่ได้ล็อกอิน คุณสามารถมีกิจกรรมร่วมกับเว็บไซต์ได้ แต่ต้องล็อกอินก่อน ::
  ล็อกอิน
ลำดับที่ ประเภท เลขเรียก สถานที่ สถานะ
1. หนังสือสำรอง
หนังสือสำรอง
สถานะ=หนังสือเก่า - บริการ ณ ห้องสมุด (ห้องเหลือง)
QU145 น614 2556  
  
วิทยาศาสตร์สุขภาพ On Shelf
  ขอยืม
Note:ปีงบประมาณ 2557
2. วิทยาศาสตร์สุขภาพ
วิทยาศาสตร์สุขภาพ
สถานะ=หนังสือเก่า - บริการ ณ ห้องสมุด (ห้องเหลือง)
QU145 น614 2556 ฉ.2 
  
วิทยาศาสตร์สุขภาพ On Shelf
  ขอยืม
Note:ปีงบประมาณ 2557
3. วิทยาศาสตร์สุขภาพ
วิทยาศาสตร์สุขภาพ
สถานะ=หนังสือเก่า - บริการ ณ ห้องสมุด (ห้องเหลือง)
QU145 น614 2556 ฉ.3 
  
วิทยาศาสตร์สุขภาพ On Shelf
  ขอยืม
Note:ปีงบประมาณ 2557
4. วิทยาศาสตร์สุขภาพ
วิทยาศาสตร์สุขภาพ
สถานะ=หนังสือเก่า - บริการ ณ ห้องสมุด (ห้องเหลือง)
QU145 น614 2556 ฉ.4 
  
วิทยาศาสตร์สุขภาพ On Shelf
  ขอยืม
Note:ปีงบประมาณ 2557
5. วิทยาศาสตร์สุขภาพ
วิทยาศาสตร์สุขภาพ
สถานะ=หนังสือเก่า - บริการ ณ ห้องสมุด (ห้องเหลือง)
QU145 น614 2556 ฉ.5 
  
วิทยาศาสตร์สุขภาพ On Shelf
  ขอยืม
Note:ปีงบประมาณ 2557
6. วิทยาศาสตร์สุขภาพ
วิทยาศาสตร์สุขภาพ
สถานะ=หนังสือเก่า - บริการ ณ ห้องสมุด (ห้องเหลือง)
QU145 น614 2556 ฉ.6 
  
วิทยาศาสตร์สุขภาพ On Shelf
  ขอยืม
Note:ปีงบประมาณ 2557
7. วิทยาศาสตร์สุขภาพ
วิทยาศาสตร์สุขภาพ
สถานะ=หนังสือเก่า - บริการ ณ ห้องสมุด (ห้องเหลือง)
QU145 น614 2556 ฉ.7 
  
วิทยาศาสตร์สุขภาพ On Shelf
  ขอยืม
Note:ปีงบประมาณ 2557
8. วิทยาศาสตร์สุขภาพ
วิทยาศาสตร์สุขภาพ
สถานะ=หนังสือเก่า - บริการ ณ ห้องสมุด (ห้องเหลือง)
QU145 น614 2556 ฉ.8 
  
วิทยาศาสตร์สุขภาพ On Shelf
  ขอยืม
Note:ปีงบประมาณ 2557
9. วิทยาศาสตร์สุขภาพ
วิทยาศาสตร์สุขภาพ
สถานะ=หนังสือเก่า - บริการ ณ ห้องสมุด (ห้องเหลือง)
QU145 น614 2556 ฉ.9 
  
วิทยาศาสตร์สุขภาพ On Shelf
  ขอยืม
Note:ปีงบประมาณ 2557
10. วิทยาศาสตร์สุขภาพ
วิทยาศาสตร์สุขภาพ
QU145 น614 2556 ฉ.10 
  
วิทยาศาสตร์สุขภาพ On Shelf
  ขอยืม
Note:ปีงบประมาณ 2557
   [แสดง 10/10 รายการ]

รายการใกล้เคียง
    ผู้แต่ง [นิธิยา รัตนาปนนท์]

    หัวเรื่อง [โภชนาการ]
    หัวเรื่อง [ร่างกาย]
    หัวเรื่อง [สารอาหาร]
    หัวเรื่อง [อาหาร]
    หัวเรื่อง [พลังงาน]
    หัวเรื่อง [โปรตีน]
    หัวเรื่อง [การย่อยอาหาร]

BibComment


ยังไม่เคยถูกคอมเมนท์

คอมเมนท์ทรัพยากรรายการนี้
  คอมเมนท์: หลักโภชนศาสตร์ น..
Bib 209625

 
 
 

 Union Library Management : ULibM
Copyright 2026. All Rights Reserved.
скачать бесплатно без регистрации порно красивый секс HD Sex Hindi sex

xxx gou

xxxx

bfxxx

xxxwww

Секса Видео

xxxx

Секса Видео

detube

geilexxx

C99 Shell

worms shell

blod xxx video
Ebony Coed Rihanna Rimes Takes A Dick In Her Young Twat priyaa indian fuck anal and pusssy hardcore indian women xxx desi hardcore fucking part 1 bengalixxxcouple